000 00598nam a2200229Ia 4500
003 OSt
005 20220923230341.0
006 a|||||r|||| 00| 0
007 ta
008 Pun
024 _a279,722
037 _cTextual
040 _aARTS
_cARTS
_bPun
041 _2Pun
_aPun
082 _aO153,1NKA6x, M1
100 _aਕੰਵਲ, Fੇਰ ਸਿੰਘ
_9168879
245 0 _aਮੋਹ ਮਹਿਲ
260 _c1981
650 _aਪੰਜਾਬੀ ਸਾਹਿਤ
942 _hO153,1NKA6x, M1
_cTEXL
_2CC
999 _c384189
_d384189